[Event "MCR senioru 2018 nad 50 let"]
[Site "Pelclovo divadlo Rychnov nad Kneznou, Panska ulice"]
[Date "2018.08.01"]
[Round "5"]
[White "Plachetka, Milan"]
[Black "Kuda, Pavel"]
[Result "1/2-1/2"]
[WhiteElo "1652"]
[BlackElo "1498"]
[EventDate "2018.07.28"]
[PlyCount "62"]

1. e4 c5 2. Nf3 Nc6 3. Bb5 d6 4. Bxc6+ bxc6 5. O-O Nf6 6. e5 dxe5 7. Nxe5 Bb7
8. d3 Nd7 9. f4 Nxe5 10. fxe5 Qd4+ 11. Kh1 Qxe5 12. Nc3 Rd8 13. Bf4 Qe6 14. Qf3
Qg6 15. Ne4 e6 16. c4 Be7 17. h4 f5 18. h5 fxe4 19. dxe4 Qf7 20. Qg4 Qg8 21.
Bg5 Bxg5 22. Qxg5 Bc8 23. Rf2 Kd7 24. Qxc5 Rf8 25. Rd2+ Ke8 26. Qxc6+ Ke7 27.
Qd6+ Kf6 28. Rf1+ Kg5 29. Qe5+ Kh6 30. Rfd1 Qf7 31. Rd3 Qf6 1/2-1/2

[Event "MCR senioru 2018 nad 50 let"]
[Site "Pelclovo divadlo Rychnov nad Kneznou, Panska ulice"]
[Date "2018.08.02"]
[Round "6"]
[White "Kucera, Petr"]
[Black "Malinovsky, Petr"]
[Result "1-0"]
[WhiteElo "2256"]
[BlackElo "2021"]
[EventDate "2018.07.28"]
[PlyCount "67"]

1. e4 c5 2. Nf3 g6 3. d4 cxd4 4. Nxd4 Nc6 5. Nc3 Bg7 6. Nde2 d6 7. h3 f5 8.
exf5 Bxf5 9. g4 Bd7 10. Bg2 Qa5 11. O-O Nh6 12. Be3 O-O 13. a3 Nf7 14. f4 e6
15. Qd2 d5 16. b4 Qc7 17. Rad1 Kh8 18. Bc5 Rg8 19. Nb5 Qb8 20. c4 a6 21. Nbc3
d4 22. Nxd4 e5 23. Nde2 Be6 24. Bd5 Qe8 25. Kh1 Rd8 26. Qe3 Bxd5+ 27. cxd5 Nb8
28. Ne4 Nd7 29. f5 gxf5 30. Rxf5 b6 31. Bxb6 Nxb6 32. Qxb6 Rf8 33. N2g3 Qe7 34.
Qc6 1-0

[Event "MCR senioru 2018 nad 50 let"]
[Site "Pelclovo divadlo Rychnov nad Kneznou, Panska ulice"]
[Date "2018.08.02"]
[Round "6"]
[White "Kozak, Milos"]
[Black "Elias, Miroslav"]
[Result "1/2-1/2"]
[WhiteElo "2176"]
[BlackElo "2032"]
[EventDate "2018.07.28"]
[PlyCount "66"]

1. d4 Nf6 2. c4 g6 3. Nf3 Bg7 4. g3 O-O 5. Bg2 d5 6. cxd5 Qxd5 7. Nc3 Qa5 8.
O-O c6 9. h3 Nbd7 10. e4 e5 11. dxe5 Nxe5 12. Nxe5 Qxe5 13. Be3 Qa5 14. Qe2 Be6
15. Rfd1 Rad8 16. Rxd8 Rxd8 17. Rd1 Rd7 18. a3 Bb3 19. Rxd7 Nxd7 20. Qd2 Be6
21. f4 Bf8 22. Kh2 Bc5 23. Bxc5 Qxc5 24. e5 Qe7 25. b4 f6 26. exf6 Nxf6 27. Qd4
a6 28. Qe5 Kf7 29. Qd4 Qd7 30. Qc5 Qd3 31. Qe5 Nd7 32. Qe1 Nf6 33. Qe5 Nd7
1/2-1/2

[Event "MCR senioru 2018 nad 50 let"]
[Site "Pelclovo divadlo Rychnov nad Kneznou, Panska ulice"]
[Date "2018.08.02"]
[Round "6"]
[White "Dolezal, Rudolf"]
[Black "Marsalek, Zdenek"]
[Result "0-1"]
[WhiteElo "1651"]
[BlackElo "2227"]
[EventDate "2018.07.28"]
[PlyCount "36"]

1. b3 d5 2. e3 Nf6 3. Bb2 Bf5 4. d3 e6 5. Nf3 Nbd7 6. Be2 h6 7. Nbd2 Bd6 8. h3
e5 9. c4 c6 10. d4 e4 11. Ne5 Qe7 12. Nxd7 Nxd7 13. Bg4 Bh7 14. cxd5 cxd5 15.
a3 f5 16. Be2 f4 17. Bg4 fxe3 18. Bxd7+ Qxd7 0-1

[Event "MCR senioru 2018 nad 50 let"]
[Site "Pelclovo divadlo Rychnov nad Kneznou, Panska ulice"]
[Date "2018.08.02"]
[Round "6"]
[White "Vorackova, Jarmila"]
[Black "Plachetka, Milan"]
[Result "1-0"]
[WhiteElo "1836"]
[BlackElo "1652"]
[EventDate "2018.07.28"]
[PlyCount "97"]

1. d4 Nf6 2. c4 e6 3. Nc3 d5 4. cxd5 exd5 5. Bg5 Be7 6. e3 O-O 7. Bd3 Nc6 8. a3
a6 9. Nf3 Be6 10. O-O h6 11. Bxf6 Bxf6 12. Qc2 Be7 13. Bf5 Qd7 14. Bxe6 fxe6
15. b4 b5 16. Rac1 Bd6 17. Ne2 Ne7 18. Ne5 Bxe5 19. dxe5 Rac8 20. Qc5 c6 21.
Nd4 Rc7 22. Qd6 Kf7 23. Qxd7 Rxd7 24. Nxc6 Ra8 25. Nxe7 Rxe7 26. Rc6 a5 27. Rb6
axb4 28. axb4 Rc7 29. Rxb5 Rac8 30. f4 Rc2 31. g4 Rb2 32. Rf2 Rb1+ 33. Kg2 Rcc1
34. Rb7+ Kg6 35. f5+ Kg5 36. Rxg7+ Kh4 37. fxe6 Rxb4 38. e7 Rb8 39. Rf8 Rb2+
40. Rf2 Rb8 41. h3 Rc3 42. Rg6 Rxe3 43. Rxh6+ Kg5 44. Rh5+ Kg6 45. Rhf5 Re8 46.
Rf6+ Kg7 47. Rf7+ Kg6 48. h4 Rxe5 49. R2f6# 1-0

[Event "MCR senioru 2018 nad 50 let"]
[Site "Pelclovo divadlo Rychnov nad Kneznou, Panska ulice"]
[Date "2018.08.02"]
[Round "6"]
[White "Vorel, Bohuslav"]
[Black "Macek, Oldrich"]
[Result "0-1"]
[WhiteElo "1519"]
[BlackElo "1725"]
[EventDate "2018.07.28"]
[PlyCount "54"]

1. e4 g6 2. d4 d6 3. c4 Bg7 4. f3 h5 5. Nc3 Nd7 6. Be3 c6 7. Qd2 a6 8. Nh3 Qc7
9. Be2 Ngf6 10. Nf2 c5 11. d5 Ne5 12. O-O h4 13. h3 Nh5 14. Nh1 f5 15. f4 Nf7
16. exf5 Bxf5 17. Bxh5 Rxh5 18. Nf2 O-O-O 19. Nce4 e5 20. g4 hxg3 21. Nxg3 Rh4
22. Nxf5 gxf5 23. Kh2 exf4 24. Bxf4 Rxf4 25. Nd3 Rxf1 26. Rxf1 Qd7 27. Qf4 Ne5
0-1

[Event "MCR senioru 2018 nad 50 let"]
[Site "Pelclovo divadlo Rychnov nad Kneznou, Panska ulice"]
[Date "2018.08.02"]
[Round "6"]
[White "Kuda, Pavel"]
[Black "Burita, Dobroslav"]
[Result "0-1"]
[WhiteElo "1498"]
[BlackElo "1578"]
[EventDate "2018.07.28"]
[PlyCount "46"]

1. e4 c5 2. c4 g6 3. Nc3 Bg7 4. Nf3 Nc6 5. d3 d6 6. Be2 Nf6 7. O-O O-O 8. Be3
Ng4 9. Bd2 Nge5 10. Qc2 Nb4 11. Qb1 Nxf3+ 12. Bxf3 Nc6 13. Ne2 Ne5 14. Ng3
Nxf3+ 15. gxf3 Bh3 16. Re1 e5 17. Qc1 f5 18. Bh6 f4 19. Bxg7 Kxg7 20. Kh1 fxg3
21. fxg3 Rxf3 22. Qd2 Qf6 23. Kg1 Rf8 0-1

[Event "MCR senioru 2018 nad 50 let"]
[Site "Pelclovo divadlo Rychnov nad Kneznou, Panska ulice"]
[Date "2018.08.03"]
[Round "7"]
[White "Burita, Dobroslav"]
[Black "Kucera, Petr"]
[Result "0-1"]
[WhiteElo "1578"]
[BlackElo "2256"]
[EventDate "2018.07.28"]
[PlyCount "72"]

1. e4 c6 2. Nc3 d5 3. Qe2 dxe4 4. Nxe4 Bf5 5. d3 e6 6. Bd2 c5 7. g3 Nc6 8. Bg2
Nd4 9. Qd1 Qb6 10. Bc3 Ne7 11. Nd2 Nec6 12. Ngf3 Be7 13. O-O O-O 14. Nc4 Qc7
15. Ne3 Bg6 16. Qd2 Rad8 17. Rad1 Bh5 18. g4 Bg6 19. Ne1 Bg5 20. Kh1 Bf4 21. h3
h5 22. f3 f5 23. Qf2 fxg4 24. fxg4 Bg3 25. Qd2 Ne5 26. Rxf8+ Rxf8 27. Nf1 Bf4
28. Qf2 Bg5 29. Qg3 hxg4 30. hxg4 Bf4 31. Qf2 Nxg4 32. Qh4 Ne3 33. Nxe3 Bxe3
34. Bd2 Rf5 35. Qg4 Bh5 36. Qxf5 Nxf5 0-1

[Event "MCR senioru 2018 nad 50 let"]
[Site "Pelclovo divadlo Rychnov nad Kneznou, Panska ulice"]
[Date "2018.08.03"]
[Round "7"]
[White "Marsalek, Zdenek"]
[Black "Vorackova, Jarmila"]
[Result "1-0"]
[WhiteElo "2227"]
[BlackElo "1836"]
[EventDate "2018.07.28"]
[PlyCount "93"]

1. d4 d5 2. Nf3 Nf6 3. c4 c6 4. Nc3 Bf5 5. Qb3 Qb6 6. c5 Qxb3 7. axb3 e6 8. Bf4
Nbd7 9. b4 Be7 10. b5 O-O 11. h3 Nh5 12. Bh2 Be4 13. bxc6 bxc6 14. e3 Bxf3 15.
gxf3 e5 16. Be2 g6 17. b4 Bf6 18. dxe5 Bxe5 19. Bxe5 Nxe5 20. f4 Nd7 21. Bxh5
gxh5 22. Rg1+ Kh8 23. Ke2 Rfb8 24. Rgb1 a5 25. b5 Nxc5 26. bxc6 Rxb1 27. Rxb1
Rc8 28. Rb6 a4 29. Nxd5 a3 30. Nb4 Rc7 31. Rb5 a2 32. Ra5 Nb3 33. Ra8+ Kg7 34.
Nxa2 Rxc6 35. Nb4 Rd6 36. Ra3 Nc5 37. Ra5 Ne4 38. Rxh5 Rd2+ 39. Kf3 Kg6 40. Ra5
f5 41. Ra2 Rd1 42. Nc6 Rd6 43. Nd4 Rb6 44. Nxf5 Nxf2 45. Ne7+ Kf7 46. Kxf2 Kxe7
47. Ra7+ 1-0

[Event "MCR senioru 2018 nad 50 let"]
[Site "Pelclovo divadlo Rychnov nad Kneznou, Panska ulice"]
[Date "2018.08.03"]
[Round "7"]
[White "Vorel, Bohuslav"]
[Black "Kozak, Milos"]
[Result "0-1"]
[WhiteElo "1519"]
[BlackElo "2176"]
[EventDate "2018.07.28"]
[PlyCount "52"]

1. e4 c6 2. d4 d5 3. exd5 cxd5 4. Nf3 Nf6 5. Bb5+ Nc6 6. Ne5 Bd7 7. Nxd7 Qxd7
8. Bf4 a6 9. Bxc6 Qxc6 10. O-O Rc8 11. c3 e6 12. Nd2 Be7 13. Qe2 O-O 14. Rfc1
b5 15. Nb3 Qb6 16. Rc2 Rc6 17. Be3 Nd7 18. a3 Rfc8 19. Nc1 a5 20. Na2 b4 21.
axb4 axb4 22. b3 bxc3 23. Rb1 Ba3 24. Qd3 Bb2 25. Bc1 Qa5 26. Bxb2 Qxa2 0-1

[Event "MCR senioru 2018 nad 50 let"]
[Site "Pelclovo divadlo Rychnov nad Kneznou, Panska ulice"]
[Date "2018.08.03"]
[Round "7"]
[White "Malinovsky, Petr"]
[Black "Kuda, Pavel"]
[Result "1-0"]
[WhiteElo "2021"]
[BlackElo "1498"]
[EventDate "2018.07.28"]
[PlyCount "47"]

1. d4 Nf6 2. c4 e6 3. Nc3 Bb4 4. e3 O-O 5. Bd3 d5 6. Nge2 dxc4 7. Bxc4 Nbd7 8.
O-O c5 9. a3 Bxc3 10. bxc3 Qc7 11. Bd3 b6 12. f3 cxd4 13. cxd4 Nd5 14. Bd2 e5
15. e4 Ne7 16. Rc1 Qb8 17. Bb4 Re8 18. dxe5 Qxe5 19. f4 Qb8 20. Bb5 a5 21. Bd6
Qa7 22. Rc2 Bb7 23. Bxd7 Nc6 24. Bxc6 1-0

[Event "MCR senioru 2018 nad 50 let"]
[Site "Pelclovo divadlo Rychnov nad Kneznou, Panska ulice"]
[Date "2018.08.03"]
[Round "7"]
[White "Elias, Miroslav"]
[Black "Plachetka, Milan"]
[Result "1/2-1/2"]
[WhiteElo "2032"]
[BlackElo "1652"]
[EventDate "2018.07.28"]
[PlyCount "68"]

1. Nf3 Nf6 2. c4 e6 3. g3 d5 4. Bg2 Be7 5. O-O O-O 6. d4 Nc6 7. b3 Ne4 8. Bb2
f5 9. e3 Rb8 10. Nbd2 b6 11. Nxe4 fxe4 12. Ne5 Nxe5 13. dxe5 c6 14. Qc2 Bd7 15.
Rfd1 Rc8 16. Qe2 Qe8 17. Rac1 Bc5 18. Qd2 Rd8 19. b4 Be7 20. c5 b5 21. a4 a6
22. axb5 axb5 23. Ra1 Qg6 24. Ra7 h5 25. h4 Qf5 26. Qc2 g5 27. Bxe4 dxe4 28.
Rdxd7 Rxd7 29. Rxd7 Rf7 30. hxg5 h4 31. gxh4 Qg4+ 32. Kf1 Qh3+ 33. Kg1 Qg4+ 34.
Kf1 Qh3+ 1/2-1/2

[Event "MCR senioru 2018 nad 50 let"]
[Site "Pelclovo divadlo Rychnov nad Kneznou, Panska ulice"]
[Date "2018.08.03"]
[Round "7"]
[White "Macek, Oldrich"]
[Black "Dolezal, Rudolf"]
[Result "1-0"]
[WhiteElo "1725"]
[BlackElo "1651"]
[EventDate "2018.07.28"]
[PlyCount "69"]

1. e4 b6 2. d4 Bb7 3. Bd3 g6 4. Nf3 Bg7 5. O-O e6 6. c4 Ne7 7. Nc3 O-O 8. Be3
d5 9. Rc1 Nd7 10. cxd5 exd5 11. e5 c5 12. Nb5 c4 13. Bb1 Bc6 14. Nc3 Re8 15.
Ne2 Nf8 16. Nf4 Qd7 17. h3 Nf5 18. Bd2 Bh6 19. g4 Bxf4 20. Bxf4 Ng7 21. Qd2 h5
22. Nh2 hxg4 23. Nxg4 Nh7 24. Bg5 Nh5 25. Bh4 Qc8 26. Qh6 Re6 27. Qd2 Bd7 28.
Kh2 Rc6 29. Rg1 Ng7 30. Nh6+ Kf8 31. Qb4+ Rc5 32. dxc5 bxc5 33. Qc3 Bxh3 34.
Qxh3 Qxh3+ 35. Kxh3 1-0

[Event "MCR senioru 2018 nad 50 let"]
[Site "Pelclovo divadlo Rychnov nad Kneznou, Panska ulice"]
[Date "2018.08.04"]
[Round "8"]
[White "Kucera, Petr"]
[Black "Dolezal, Rudolf"]
[Result "1-0"]
[WhiteElo "2256"]
[BlackElo "1651"]
[EventDate "2018.07.28"]
[PlyCount "73"]

1. e4 b6 2. d4 Bb7 3. Nc3 Nf6 4. f3 e6 5. Be3 c5 6. Nge2 cxd4 7. Nxd4 a6 8. Be2
Bc5 9. O-O O-O 10. Na4 Nc6 11. Nxc5 bxc5 12. Nxc6 Bxc6 13. Bxc5 Re8 14. Be3 d5
15. e5 Nd7 16. f4 Qb8 17. Bd4 f6 18. exf6 Nxf6 19. Bd3 Qb7 20. Rf3 Ne4 21. Rh3
Qf7 22. Qh5 Qxh5 23. Rxh5 Rf8 24. Rh4 a5 25. Re1 g6 26. Re3 Rf7 27. Rg4 Bd7 28.
Be5 Nf6 29. Rh4 Bc6 30. Rg3 Kf8 31. Bxf6 Rxf6 32. Rxh7 Rxf4 33. Rxg6 Re8 34.
Rc7 Ba8 35. Rh6 Kg8 36. Bh7+ Kf8 37. Bg6 1-0

[Event "MCR senioru 2018 nad 50 let"]
[Site "Pelclovo divadlo Rychnov nad Kneznou, Panska ulice"]
[Date "2018.08.04"]
[Round "8"]
[White "Kozak, Milos"]
[Black "Macek, Oldrich"]
[Result "1-0"]
[WhiteElo "2176"]
[BlackElo "1725"]
[EventDate "2018.07.28"]
[PlyCount "69"]

1. d4 c5 2. d5 d6 3. e4 e5 4. Bb5+ Nd7 5. a4 a6 6. Be2 Be7 7. Nf3 Nf8 8. a5 Ng6
9. g3 f5 10. exf5 Bxf5 11. Nc3 e4 12. Nd2 Nf6 13. g4 e3 14. gxf5 exd2+ 15. Bxd2
Nh4 16. Bh5+ g6 17. fxg6 hxg6 18. Bg4 Nd7 19. Qe2 Rc8 20. Qe6 Rc7 21. O-O-O Ne5
22. f4 Nxg4 23. Qxg4 Qd7 24. Qg3 Qf5 25. Rhe1 Kd8 26. Re6 Qh5 27. Rde1 Nf3 28.
Rh1 g5 29. Be3 gxf4 30. Bxf4 Bh4 31. Rxd6+ Kc8 32. Qh3+ Kb8 33. Kb1 Ka7 34.
Rxa6+ Kxa6 35. Qe6+ 1-0

[Event "MCR senioru 2018 nad 50 let"]
[Site "Pelclovo divadlo Rychnov nad Kneznou, Panska ulice"]
[Date "2018.08.04"]
[Round "8"]
[White "Marsalek, Zdenek"]
[Black "Vorel, Bohuslav"]
[Result "1-0"]
[WhiteElo "2227"]
[BlackElo "1519"]
[EventDate "2018.07.28"]
[PlyCount "47"]

1. d4 Nf6 2. Nf3 d6 3. g3 g6 4. Bg2 Bg7 5. O-O O-O 6. h3 Nbd7 7. c4 e5 8. Nc3
exd4 9. Nxd4 Rb8 10. e4 Nc5 11. Be3 Nfd7 12. f4 a6 13. Qc2 Ne6 14. Nde2 b6 15.
Rad1 Bb7 16. Nd5 Bxd5 17. cxd5 Nec5 18. b4 Nb7 19. Nd4 Bxd4 20. Bxd4 c5 21.
dxc6 Rc8 22. e5 Nb8 23. exd6 Nxd6 24. Be5 1-0

[Event "MCR senioru 2018 nad 50 let"]
[Site "Pelclovo divadlo Rychnov nad Kneznou, Panska ulice"]
[Date "2018.08.04"]
[Round "8"]
[White "Malinovsky, Petr"]
[Black "Vorackova, Jarmila"]
[Result "1/2-1/2"]
[WhiteElo "2021"]
[BlackElo "1836"]
[EventDate "2018.07.28"]
[PlyCount "67"]

1. d4 d5 2. c4 e6 3. Nc3 c6 4. e4 dxe4 5. Nxe4 Be7 6. Nf3 Nf6 7. Bd3 Nbd7 8.
O-O O-O 9. Qe2 b6 10. Bg5 Bb7 11. Rad1 Re8 12. Ne5 Nxe4 13. Bxe7 Qxe7 14. Qxe4
Nf6 15. Qh4 h6 16. Rfe1 c5 17. Re3 Nh7 18. Qxe7 Rxe7 19. Bxh7+ Kxh7 20. dxc5
bxc5 21. Nd7 Rc8 22. Re5 f6 23. Rxc5 Rxd7 24. Rxd7 Rxc5 25. Rxb7 Rxc4 26. g3 a5
27. Rb5 a4 28. b3 axb3 29. axb3 Rc1+ 30. Kg2 Kg6 31. h4 h5 32. Kf3 Rc2 33. Ke3
Rb2 34. Rb7 1/2-1/2

[Event "MCR senioru 2018 nad 50 let"]
[Site "Pelclovo divadlo Rychnov nad Kneznou, Panska ulice"]
[Date "2018.08.04"]
[Round "8"]
[White "Kuda, Pavel"]
[Black "Elias, Miroslav"]
[Result "0-1"]
[WhiteElo "1498"]
[BlackElo "2032"]
[EventDate "2018.07.28"]
[PlyCount "38"]

1. e4 e5 2. Nc3 Nf6 3. f4 d5 4. fxe5 Nxe4 5. Nf3 c5 6. d3 Nxc3 7. bxc3 d4 8.
Bb2 Nc6 9. Be2 Be7 10. h3 Bh4+ 11. Kd2 Bg5+ 12. Ke1 Bf4 13. cxd4 cxd4 14. Kf1
O-O 15. c3 Be3 16. g3 Re8 17. cxd4 Nxd4 18. Rh2 Bf5 19. Rb1 Nxf3 0-1

[Event "MCR senioru 2018 nad 50 let"]
[Site "Pelclovo divadlo Rychnov nad Kneznou, Panska ulice"]
[Date "2018.08.04"]
[Round "8"]
[White "Plachetka, Milan"]
[Black "Burita, Dobroslav"]
[Result "0-1"]
[WhiteElo "1652"]
[BlackElo "1578"]
[EventDate "2018.07.28"]
[PlyCount "80"]

1. e4 c5 2. Nf3 d6 3. d4 cxd4 4. Nxd4 Nf6 5. Nc3 Nc6 6. Nxc6 bxc6 7. Bg5 Rb8 8.
Bxf6 gxf6 9. Rb1 Qa5 10. Be2 Rg8 11. Bf3 Rxb2 12. O-O Qxc3 13. Rxb2 Qxb2 14. a4
Bh6 15. Kh1 Qb6 16. c4 Be6 17. Qc2 Kf8 18. Rb1 Qd4 19. e5 Kg7 20. exd6 Qxd6 21.
Be4 Rb8 22. Rd1 Qb4 23. Qd3 Qb3 24. Qxb3 Rxb3 25. Bxc6 Bxc4 26. g3 Rb6 27. Bf3
Bb3 28. Rd4 f5 29. a5 Rd6 30. Rb4 Bd5 31. Kg2 Bd2 32. Ra4 Bxf3+ 33. Kxf3 Ra6
34. Ra2 Bxa5 35. h4 h5 36. Kg2 Kf6 37. f4 Ke6 38. Kf3 Kd5 39. Kg2 Kc4 40. Rc2+
Bc3 0-1

[Event "MCR senioru 2018 nad 50 let"]
[Site "Pelclovo divadlo Rychnov nad Kneznou, Panska ulice"]
[Date "2018.08.05"]
[Round "9"]
[White "Vorel, Bohuslav"]
[Black "Kucera, Petr"]
[Result "0-1"]
[WhiteElo "1519"]
[BlackElo "2256"]
[EventDate "2018.07.28"]
[PlyCount "56"]

1. e4 e6 2. d4 d5 3. e5 c5 4. c3 Nc6 5. Nf3 Nge7 6. Bg5 cxd4 7. Bxe7 Bxe7 8.
cxd4 Qb6 9. Qd2 Bd7 10. Nc3 Rc8 11. Be2 Na5 12. O-O O-O 13. Rfc1 f6 14. Bd3 f5
15. Be2 h6 16. h4 a6 17. g3 Qd8 18. Kg2 b5 19. Nd1 Rxc1 20. Rxc1 g5 21. hxg5
hxg5 22. Nc3 Kg7 23. Rh1 Be8 24. Ne1 Nc4 25. Bxc4 dxc4 26. Nf3 Bc6 27. Ne2
Bxf3+ 28. Kxf3 Qd5+ 0-1

[Event "MCR senioru 2018 nad 50 let"]
[Site "Pelclovo divadlo Rychnov nad Kneznou, Panska ulice"]
[Date "2018.08.05"]
[Round "9"]
[White "Kuda, Pavel"]
[Black "Marsalek, Zdenek"]
[Result "0-1"]
[WhiteElo "1498"]
[BlackElo "2227"]
[EventDate "2018.07.28"]
[PlyCount "84"]

1. e4 c5 2. Nc3 Nc6 3. d3 g6 4. Nf3 Bg7 5. Be2 d6 6. Rb1 e6 7. Bd2 Nge7 8. Qc1
O-O 9. Bh6 Nd4 10. Bxg7 Kxg7 11. O-O Bd7 12. Nxd4 cxd4 13. Nd1 Rc8 14. Qd2 b5
15. c3 dxc3 16. bxc3 Qa5 17. Qb2 Kg8 18. a3 Rc7 19. Qb4 Qxb4 20. axb4 d5 21.
exd5 Nxd5 22. c4 Nf4 23. Nc3 bxc4 24. dxc4 Nxe2+ 25. Nxe2 Rxc4 26. Rfc1 Rxc1+
27. Rxc1 Rb8 28. h3 Rxb4 29. Rc7 Bb5 30. Nc3 a6 31. Nxb5 axb5 32. Kf1 Rb2 33.
Ke1 Kg7 34. Rc3 g5 35. g3 Kg6 36. g4 b4 37. Re3 Rc2 38. Re2 Rc3 39. Re3 Rxe3+
40. fxe3 Kf6 41. Ke2 Ke5 42. Kd3 b3 0-1

[Event "MCR senioru 2018 nad 50 let"]
[Site "Pelclovo divadlo Rychnov nad Kneznou, Panska ulice"]
[Date "2018.08.05"]
[Round "9"]
[White "Plachetka, Milan"]
[Black "Kozak, Milos"]
[Result "0-1"]
[WhiteElo "1652"]
[BlackElo "2176"]
[EventDate "2018.07.28"]
[PlyCount "36"]

1. e4 c6 2. Nf3 d5 3. exd5 cxd5 4. d4 Nc6 5. Nc3 Bg4 6. Be2 e6 7. a3 Bd6 8. O-O
Nge7 9. h3 Bh5 10. Be3 f6 11. Nd2 Bf7 12. f4 Nf5 13. Bf2 Bxf4 14. Nb3 Bb8 15.
Nd2 Ncxd4 16. Bxd4 Nxd4 17. Bb5+ Nxb5 18. Nxb5 Qb6+ 0-1

[Event "MCR senioru 2018 nad 50 let"]
[Site "Pelclovo divadlo Rychnov nad Kneznou, Panska ulice"]
[Date "2018.08.05"]
[Round "9"]
[White "Vorackova, Jarmila"]
[Black "Dolezal, Rudolf"]
[Result "1-0"]
[WhiteElo "1836"]
[BlackElo "1651"]
[EventDate "2018.07.28"]
[PlyCount "59"]

1. d4 g6 2. c4 b6 3. Nc3 Bb7 4. e4 Bg7 5. f4 e6 6. Nf3 Ne7 7. Be2 O-O 8. O-O d5
9. cxd5 exd5 10. e5 Nbc6 11. a3 a6 12. Bd3 Bc8 13. b4 Bg4 14. Bb1 Nf5 15. Ne2
Nh4 16. Be3 Nxf3+ 17. gxf3 Bh3 18. Rf2 Ne7 19. Ng3 h5 20. f5 h4 21. f6 hxg3 22.
hxg3 Nf5 23. Bxf5 Bxf5 24. fxg7 Kxg7 25. Qd2 Rh8 26. Bg5 Qd7 27. Bf6+ Kg8 28.
Bxh8 Kxh8 29. Rh2+ Kg8 30. Qh6 1-0

[Event "MCR senioru 2018 nad 50 let"]
[Site "Pelclovo divadlo Rychnov nad Kneznou, Panska ulice"]
[Date "2018.08.05"]
[Round "9"]
[White "Macek, Oldrich"]
[Black "Burita, Dobroslav"]
[Result "0-1"]
[WhiteElo "1725"]
[BlackElo "1578"]
[EventDate "2018.07.28"]
[PlyCount "130"]

1. Nf3 Nf6 2. d4 d5 3. c4 c6 4. e3 Bf5 5. Nc3 e6 6. Qb3 Qc7 7. Be2 Be7 8. Bd2
dxc4 9. Bxc4 Nbd7 10. Rc1 Nb6 11. Be2 O-O 12. Ne5 Ne4 13. Nxe4 Bxe4 14. f3 Bd5
15. Qc2 f6 16. Nd3 e5 17. e4 Bc4 18. d5 Bb5 19. dxc6 Bxc6 20. O-O Qd7 21. Rfd1
Rac8 22. Qb1 Qd4+ 23. Kh1 Ba4 24. Bc3 Qe3 25. Re1 Qg5 26. b3 Bd7 27. Qb2 Rfd8
28. Bd2 Qg6 29. Be3 Qe8 30. f4 Bb5 31. Nf2 Bxe2 32. Qxe2 Rxc1 33. Rxc1 exf4 34.
Bxf4 Bd6 35. Bxd6 Rxd6 36. h3 Re6 37. Rc7 Re7 38. Qc2 Rxc7 39. Qxc7 Qc8 40. Qd6
Qc1+ 41. Kh2 Qc8 42. Ng4 Qf8 43. Qe6+ Qf7 44. Qf5 Qc7+ 45. g3 Qc2+ 46. Nf2 Qxa2
47. Qe6+ Kf8 48. Kg2 Qd2 49. Qf5 h6 50. h4 Nd7 51. Kh3 Ne5 52. Qc8+ Ke7 53.
Qc7+ Qd7+ 54. Qxd7+ Nxd7 55. Kg4 a5 56. Kf5 Kf7 57. Nd3 g6+ 58. Kf4 b6 59. Nb2
Nc5 60. Nc4 a4 61. e5 Nd3+ 62. Ke4 Nxe5 63. Kd4 Nxc4 64. Kxc4 axb3 65. Kxb3 Ke6
0-1